LEADER 00825nam a2200229 i 4500 001 000000149281 003 CaOOAMICUS 005 20060329000000.0 008 060329s1928 it u000 u ita u 013 $a126601 040 $aSeMil$bita 100 1 $aComisso, Giovanni,$d<1895-1969>.$0(OLS)http://semarc/name/6813 245 10$aAl vento dell'Adriatico :$bromanzo /$cGiovanni Comisso. 260 $aTorino :$bFratelli Ribet,$c1928. 300 $a159 p. ;$c20 cm. 500 $aFondo Ciprandi. 850 $aSeMil 852 $aSeMil$W1$xVenegono$y1$m1D II 86$j101569$B101569$CSeMilBibl$Z2$F110183 $81 941 1 $a1 961 $aOmaggio: Ciprandi dott. Paolo 996 $6245$aAl vento dell'Adriatico :$bromanzo$9(OLS)http://semarc/title/218245 996 $6260$aTorino :$bFratelli Ribet$9(OLS)http://semarc/publisher/47874 LEADER 01001nam a2200253 i 4500 001 000000111240 003 CaOOAMICUS 005 20230123115658.0 008 030113s2002 it a u000 u ita u 013 $a83922 020 $a88-399-2378-0 040 $aSeMil$bita 100 1 $aBiraghi, Luigi,$c.$0(OLS)http://semarc/name/4214 245 10$a1: 1837-1842 /$cLuigi Biraghi. 264 1$aBrescia :$bQueriniana,$c2002. 300 $a382 p., [4] c. di tav. ;$c21 cm 773 0 $aBiraghi, Luigi $tLettere alle sue figlie spirituali.$dBrescia : Queriniana$g1$w()8307 850 $aSeMil 852 $aSeMil$W1$xVenegono$y1$m3J I 360$j67075$B67075$CSeMilBibl$Z2$F73669 $81 961 $aRimoldi mons. Antonio - lascito 996 $6020$a88-399-2378-0$9(OLS)http://semarc/number/93328 996 $6245$a1: 1837-1842$9(OLS)http://semarc/title/161860 996 $6264$aBrescia :$bQueriniana$9(OLS)http://semarc/publisher/29615